Empirical study to investigate injury severity of vehicular crashes on motorways using ordered probit approach / (Record no. 535672)

000 -LEADER
fixed length control field 00506nam a22001337a 4500
100 ## - MAIN ENTRY--PERSONAL NAME
Personal name Ahmad, Numan
245 ## - TITLE STATEMENT
Title Empirical study to investigate injury severity of vehicular crashes on motorways using ordered probit approach /
Statement of responsibility, etc. Numan Ahmad.
260 ## - PUBLICATION, DISTRIBUTION, ETC.
Place of publication, distribution, etc. Islamabad:
Name of publisher, distributor, etc. NIT - NUST,
Date of publication, distribution, etc. 2016.
300 ## - PHYSICAL DESCRIPTION
Extent 44 p. : ill. ;
Dimensions 30cm.
942 ## - ADDED ENTRY ELEMENTS (KOHA)
Source of classification or shelving scheme
Koha item type Thesis
650 ## - SUBJECT ADDED ENTRY--TOPICAL TERM
Topical term or geographic name entry element Transportation Engineering - MS Theses.
700 ## - ADDED ENTRY--PERSONAL NAME
Personal name Sup Dr Anwaar Ahmed.
650 ## - SUBJECT ADDED ENTRY--TOPICAL TERM
-- 30342
700 ## - ADDED ENTRY--PERSONAL NAME
-- 30425
Holdings
Withdrawn status Lost status Source of classification or shelving scheme Damaged status Not for loan Permanent Location Current Location Shelving location Date acquired Total Checkouts Full call number Barcode Date last seen Price effective from Koha item type
          Central Library (CL) Central Library (CL) Thesis 09/21/2020   629.04 CL-T-5972 09/21/2020 09/21/2020 Thesis
© 2023 Central Library, National University of Sciences and Technology. All Rights Reserved.